00511 a2200157 450000500170000001000150001702000310003203500140006303700160007708200080009310000170010124500530011826000480017127001090021930000250032820211214101121.0 aENG-130291 c1095.00a978-93-82974-84-0 aEN-113823 bDBAD / PUB a320 aPrasad, R.N. aIndian Constitution and Government:cR.N. Prasad bNavyug Books Internationalc2018aNew Delhi mnpd.books@gmail.comaK-129, 1st Floor, 3 1/2, Pusta, Near Gree Vells School, Gautam ViharbDelhie110053 av, 292p.c22cm (hbk)